000 00934nam a22003377a 4500
001 BR0001089
003 BR-BrBNA
005 20230928100606.0
007 ta
008 230509b bl.||||| |||| 00| 0 por d
040 _aBR-BrBNA
_bpor
_cBiblioteca Nacional de Agricultura
041 _a(Por)
072 _aE70; U10
_b2150
090 _ 2150 BR0001089
100 1 _aBasso, C.A.
110 1 _aUniversidade Federal de Vicosa, MG (Brasil)
_0Tese (Magister Scientiae)
245 1 _aOferta de culturas perenes - uma analise econometrica da producao de cha em Sao Paulo
260 3 _aVicosa, MG (Brasil):
_c1981.
300 _a97 p.
650 _aCha
650 _aCultivo Perene
650 _aOferta
650 _aAnalise Economica
650 _aPreco
650 _aExportacao
650 _aModelo Matematico
650 _aRendimento
650 _aSao Paulo
909 _a202309
_bLucia
_c55
_dLucia Elande
942 _cBK
999 _c61949
_d61949